Express international nezávislý týždenník aktualít a zaujímavosti zo sveta

Bibliographic Details
New Title:International ExPRESS
Format: Journal
Language:Slovak
PhysicalDescription:5 zv. ilustr. 30-42 cm
Published: [Stupava] Arttep 1991-1995
[Bratislava] Arttep Press
Bratislava Danubiapress
ISSN:1210-1974
Subjects:

MARC

LEADER 00000cas a2200000 a 4500
001 vtls001364186
003 SK-MaSNL
005 20260228155713.0
008 990526d19911995xo wr|p 0 0b0slo
022 |a 1210-1974 
035 |a SNK000317825 
040 |a SNK  |b slo  |c SNK  |e AACR2 
041 |a slo 
044 |a xo  |c SK 
072 7 |a 00  |x Veda. Všeobecnosti. Základy vedy a kultúry. Vedecká práca  |2 konspekt 
080 |a 050  |2 2001 
080 |a 0/9  |2 2001 
084 |a Index 49 153 
210 0 |a Express int.  |b (Bratisl.) 
222 0 |a Express international  |b (Bratislava) 
245 0 0 |a Express international  |b nezávislý týždenník aktualít a zaujímavosti zo sveta 
246 1 3 |a International  |f 42/93-49/1995 
260 |a [Stupava]  |b Arttep  |c 1991-1995 
260 2 |3 1993-26/1993  |a [Bratislava]  |b Arttep Press 
260 3 |3 27/1993-49/1995  |a Bratislava  |b Danubiapress 
300 |a 5 zv.  |b ilustr.  |c 30-42 cm 
310 |a 1x týždenne 
362 0 |a Roč. 1, 1 ([19]91)-roč. 5, č. 49 ([19]95) 
500 |a Podnázov sa mení 
500 |a Od č. 27/1993 vydáva Danubiaprint vo vydavateľstve Danubia Press 
500 |a Redaktori sa menia 
500 |a Od r. 1993 výška formátu 30 cm 
650 0 7 |a všeobecnosti a zaujímavosti  |2 SNKPH  |9 4162 
655 7 |a spoločenské časopisy  |2 SNKPH  |9 70515 
785 0 0 |t International ExPRESS  |w vtls001365056 
910 |a snk 
916 |a 1991-1995 
999 |c 276  |d 276 
952 |0 0  |1 0  |4 0  |7 0  |a SNK  |b SNK  |d 2009-04-23  |f 1  |i snkČSP 184/94  |l 0  |o snkČSA 1206/2/1992/2  |p 17A0205528  |r 2026-02-21 19:42:09  |t č. 27-52  |w 2026-02-21  |y PREZ 
952 |0 0  |1 0  |4 0  |7 0  |a SNK  |b SNK  |d 2006-04-11  |i snkČSP 2523/92  |l 0  |o snkČSA 1206/1/1991/1 D1  |p 17A0195174  |r 2026-02-21 19:52:11  |t č. 1-26  |w 2026-02-21  |y PREZ 
952 |0 0  |1 0  |4 0  |7 0  |a SNK  |b SNK  |d 2006-04-11  |i snkČSP 2525/92  |l 0  |o snkČSA 1206/1/1991/2 D1  |p 17A0030518  |r 2026-02-21 19:52:11  |t č. 27-52  |w 2026-02-21  |y PREZ 
952 |0 0  |1 0  |4 0  |7 0  |a SNK  |b SNK  |d 2006-04-11  |f 1  |i snkČSP 182/94  |l 0  |o snkČSA 1206/2/1992/1  |p 17A0346363  |r 2026-02-21 19:52:11  |t č. 1-26  |w 2026-02-21  |y PREZ 
952 |0 0  |1 0  |4 0  |7 0  |a SNK  |b SNK  |d 2006-04-11  |i snkČSP 185/94  |l 0  |o snkČSA 1206/2/1992/2 D1  |p 17A0061423  |r 2026-02-21 19:52:11  |t č. 27-52  |w 2026-02-21  |y PREZ 
952 |0 0  |1 0  |4 0  |7 0  |a SNK  |b SNK  |d 2010-11-10  |i snkČSP 1983/94  |l 0  |o snkČSA 1206/2/1992/1 D1  |p 17A0061422  |r 2026-02-21 19:55:49  |t č. 1-26  |w 2026-02-21  |y PREZ 
952 |0 0  |1 0  |4 0  |7 0  |a SNK  |b SNK  |d 2023-02-16  |i snkČSP 1048/1998  |l 0  |o snkČSA 1206/3/1993/2 D1  |p 17A1348414  |r 2026-02-21 20:12:02  |t č. 27-52, neúplné  |w 2026-02-21  |y PREZ  |z Chýba č.: 32, 39-40, 44, 49, 51-52 
952 |0 0  |1 0  |3 rekatalogizácia  |4 0  |7 0  |a SNK  |b SNK  |d 2007-02-14  |f 1  |i snkČSP 2522/92  |l 0  |o snkČSA 1206/1/1991/1  |p 17A0322471  |r 2026-02-21 20:19:50  |t č. 1-26  |w 2026-02-21  |y PREZ 
952 |0 0  |1 0  |4 0  |7 0  |a SNK  |b SNK  |d 2014-12-18  |f 1  |i snkČSP 2524/92  |l 0  |o snkČSA 1206/1/1991/2  |p 17A0195176  |r 2026-02-21 20:43:03  |t č. 27-52  |w 2026-02-21  |y PREZ 
952 |0 0  |1 0  |4 0  |7 0  |a SNK  |b SNK  |d 2014-12-18  |f 1  |i snkČSP 1045/98  |l 0  |o snkČSA 1206/3/1993/1  |p 17A0195322  |r 2026-02-21 20:43:03  |t č. 1-26, neúplné  |w 2026-02-21  |y PREZ  |z chýba č. 3, 8, 10, 16, 25 
952 |0 0  |1 0  |4 0  |7 0  |a SNK  |b SNK  |d 2014-12-18  |f 1  |i snkČSP 923/96  |l 0  |o snkČSA 1206/4/1994/1  |p 17A0821292  |r 2026-02-21 20:43:03  |t č. 1-26  |w 2026-02-21  |y PREZ 
952 |0 0  |1 0  |4 0  |7 0  |a SNK  |b SNK  |d 2014-12-18  |f 1  |i snkČSP 1700/99  |l 0  |o snkČSA 1206/5/1995/1  |p 17A0821293  |r 2026-02-21 20:43:03  |t č. 1-26  |w 2026-02-21  |y PREZ 
952 |0 0  |1 0  |4 0  |7 0  |a SNK  |b SNK  |d 1999-05-28  |f 1  |i snkČSP 1047/98  |l 0  |o snkČSA 1206/3/1993/2  |p 17A0195324  |r 2005-01-02 00:00:00  |t č. 27-52, neúplné  |w 2026-02-21  |y PREZ  |z chýba č. 51 
952 |0 0  |1 0  |4 0  |7 0  |a SNK  |b SNK  |d 2002-06-25  |i snkČSP 924/96  |l 0  |o snkČSA 1206/4/1994/1 D1  |p 17A0060525  |r 2005-01-02 00:00:00  |t č. 1-26  |w 2026-02-21  |y PREZ 
952 |0 0  |1 0  |4 0  |7 0  |a SNK  |b SNK  |d 2002-06-25  |f 1  |i snkČSP 925/96  |l 0  |o snkČSA 1206/4/1994/2  |p 17A0346425  |r 2005-01-02 00:00:00  |t č. 27-52  |w 2026-02-21  |y PREZ 
952 |0 0  |1 0  |4 0  |7 0  |a SNK  |b SNK  |d 2002-06-25  |l 0  |o snkČSA 1206/4/1994/2 D1  |p 17A0061412  |r 2005-01-02 00:00:00  |t č. 27-52  |w 2026-02-21  |y PREZ 
952 |0 0  |1 0  |4 0  |7 0  |a SNK  |b SNK  |d 2002-06-25  |f 1  |i snkČSP 927/96  |l 0  |o snkČSA 1206/5/1995/2  |p 17A0322470  |r 2005-01-02 00:00:00  |t č. 27-52  |w 2026-02-21  |y PREZ  |z od č. 50/51 názov International ExPRESS 
952 |0 0  |1 0  |4 0  |7 0  |a SNK  |b SNK  |d 2002-06-25  |l 0  |o snkČSA 1206/5/1995/2 D1  |p 17A0061411  |r 2005-01-02 00:00:00  |t č. 27-52  |w 2026-02-21  |y PREZ  |z od č. 50/51 názov International ExPRESS